The fundamentalist mindset: psychological perspectives on religion, violence, and history
This work sheds light on the psychology of fundamentalism, with a particular focus on those who become extremists and fanatics. The contributors identify several factors: a radical dualism, a destructive inclination to interpret authoritative texts paranoid thinking, and an apocalyptic world view.
| Contributors: | |
|---|---|
| Format: | Electronic Book |
| Language: | English |
| Subito Delivery Service: | Order now. |
| Check availability: | HBZ Gateway |
| WorldCat: | WorldCat |
| Interlibrary Loan: | Interlibrary Loan for the Fachinformationsdienste (Specialized Information Services in Germany) |
| Published: |
Oxford
Oxford University Press
2010
|
| In: | Year: 2010 |
| Standardized Subjects / Keyword chains: | B
Fundamentalism
/ Psychology
B Religion / Violent behavior / History |
| Further subjects: | B
Collection of essays
B Violence Religious aspects B Psychology, Religious B Religious Fundamentalism Psychology B Fundamentalism Psychology |
| Online Access: |
Table of Contents Blurb Volltext (Publisher) |
| Parallel Edition: | Non-electronic
Non-electronic |
MARC
| LEADER | 00000cam a22000002c 4500 | ||
|---|---|---|---|
| 001 | 1656691736 | ||
| 003 | DE-627 | ||
| 005 | 20260129172940.0 | ||
| 007 | cr uuu---uuuuu | ||
| 008 | 160513s2010 xx |||||o 00| ||eng c | ||
| 020 | |a 9780199777334 |9 978-0-19-977733-4 | ||
| 020 | |a 0199777330 |9 0-19-977733-0 | ||
| 024 | 7 | |a 10.1093/acprof:oso/9780195379655.001.0001 |2 doi | |
| 035 | |a (DE-627)1656691736 | ||
| 035 | |a (DE-576)469631600 | ||
| 035 | |a (DE-599)BSZ469631600 | ||
| 035 | |a (OCoLC)756230841 | ||
| 035 | |a (OCoLC)756230841 | ||
| 035 | |a (UK-OxUP)EDZ0000076016 | ||
| 035 | |a (DE-627-1)052289117 | ||
| 040 | |a DE-627 |b ger |c DE-627 |e rakwb | ||
| 041 | |a eng | ||
| 082 | 0 | |a 200.1/9 | |
| 082 | 0 | |a 200.1'9 | |
| 082 | 0 | |a 200.19 | |
| 084 | |a 0 |2 ssgn | ||
| 084 | |a BE 2830 |q SEPA |2 rvk |0 (DE-625)rvk/10547: | ||
| 084 | |a 11.01 |2 bkl | ||
| 084 | |a 11.06 |2 bkl | ||
| 245 | 0 | 0 | |a The fundamentalist mindset |b psychological perspectives on religion, violence, and history |c edited by Charles B. Strozier ... [et al.] |
| 264 | 1 | |a Oxford |b Oxford University Press |c 2010 | |
| 300 | |a 1 online resource (xxi, 274 p.) | ||
| 336 | |a Text |b txt |2 rdacontent | ||
| 337 | |a Computermedien |b c |2 rdamedia | ||
| 338 | |a Online-Ressource |b cr |2 rdacarrier | ||
| 520 | |a This work sheds light on the psychology of fundamentalism, with a particular focus on those who become extremists and fanatics. The contributors identify several factors: a radical dualism, a destructive inclination to interpret authoritative texts paranoid thinking, and an apocalyptic world view. | ||
| 601 | |a Psychologie | ||
| 601 | |a Historie | ||
| 650 | 0 | |a Religious Fundamentalism |x Psychology | |
| 650 | 0 | |a Fundamentalism |x Psychology | |
| 650 | 0 | |a Violence |x Religious aspects | |
| 650 | 0 | |a Psychology, Religious | |
| 650 | 0 | |a Fundamentalism |x Psychology | |
| 650 | 0 | |a Religious Fundamentalism |x Psychology | |
| 650 | 0 | |a Violence |x Religious aspects | |
| 655 | 7 | |a Aufsatzsammlung |0 (DE-588)4143413-4 |0 (DE-627)105605727 |0 (DE-576)209726091 |2 gnd-content | |
| 689 | 0 | 0 | |d s |0 (DE-588)4137178-1 |0 (DE-627)104458224 |0 (DE-576)209675438 |2 gnd |a Fundamentalismus |
| 689 | 0 | 1 | |d s |0 (DE-588)4047704-6 |0 (DE-627)106193821 |0 (DE-576)209074426 |2 gnd |a Psychologie |
| 689 | 0 | |5 (DE-627) | |
| 689 | 1 | 0 | |d s |0 (DE-588)4049396-9 |0 (DE-627)106187155 |0 (DE-576)209081880 |2 gnd |a Religion |
| 689 | 1 | 1 | |d s |0 (DE-588)4157237-3 |0 (DE-627)105502421 |0 (DE-576)209832878 |2 gnd |a Gewalttätigkeit |
| 689 | 1 | 2 | |d s |0 (DE-588)4020517-4 |0 (DE-627)106317768 |0 (DE-576)208933697 |2 gnd |a Geschichte |
| 689 | 1 | |5 (DE-627) | |
| 700 | 1 | |0 (DE-588)172389615 |0 (DE-627)697331644 |0 (DE-576)164041397 |4 oth |a Strozier, Charles B. | |
| 776 | 1 | |z 9780195379655 | |
| 776 | 0 | 8 | |i Druckausg. |t The fundamentalist mindset |d Oxford [u.a.] : Oxford Univ. Press, 2010 |h XXI, 274 S. |w (DE-627)160361091X |w (DE-576)324799098 |z 9780195379655 |z 9780195379662 |k Non-Electronic |
| 776 | 0 | 8 | |i Erscheint auch als |n Druck-Ausgabe |t The fundamentalist mindset |d New York : Oxford Univ. Press, 2010 |h xxi, 274 p. |w (DE-627)608162701 |z 9780195379655 |z 0195379659 |z 9780195379662 |z 0195379667 |k Non-Electronic |
| 856 | 4 | 0 | |u https://doi.org/10.1093/acprof:oso/9780195379655.001.0001 |x Verlag |3 Volltext |7 1 |
| 856 | 4 | 2 | |u https://swbplus.bsz-bw.de/bsz324799098inh.htm |m V:DE-576;B:DE-21 |q application/pdf |v 20100803144114 |3 Inhaltsverzeichnis |7 1 |
| 856 | 4 | 2 | |u https://swbplus.bsz-bw.de/bsz324799098kla.htm |m V:DE-576;B:DE-21 |q application/pdf |v 20100803144115 |3 Klappentext |7 1 |
| 912 | |a ZDB-28-OSR |b 2015 | ||
| 912 | |a GBV-28-OUP-GWLB | ||
| 912 | |a ZDB-28-OSD | ||
| 912 | |a GBV-28-OUP-SBB | ||
| 912 | |a ZDB-28-OSR | ||
| 912 | |a EBS-28-HSS | ||
| 936 | r | v | |a BE 2830 |b Fundamentalismus, Extremismus allgemein |k Theologie und Religionswissenschaften |k Religionswissenschaft |k Systematische Religionswissenschaft |k Religionsphänomenologie |k Religiöse Organisation und Rollen |k Fundamentalismus, Extremismus allgemein |0 (DE-627)1270658875 |0 (DE-625)rvk/10547: |0 (DE-576)200658875 |
| 936 | b | k | |a 11.01 |j Systematische Religionswissenschaft: Allgemeines |q SEPA |0 (DE-627)106423401 |
| 936 | b | k | |a 11.06 |j Religionspsychologie |q SEPA |0 (DE-627)106404210 |
| 950 | |a Oxford Scholar Religion | ||
| 951 | |a BO | ||
| ACO | |a 1 | ||
| ELC | |a 1 | ||
| ORI | |a SA-MARC-ixtheo_oa001.raw | ||
| REF | |a Psychohistorie,Religionsgeschichte | ||
| REL | |a 1 | ||
| STA | 0 | 0 | |a Fundamentalism,Fundamentalism,History,History,History in art,Psychology,Religion,Religions,Religion,Religion in literature,Violent behavior,Violent behavior |
| STB | 0 | 0 | |a Fondamentalisme,Fondamentalisme,Histoire,Histoire,Histoire,Psychologie,Religion,Religions,Religion,Violence,Violence |
| STC | 0 | 0 | |a Fundamentalismo,Fundamentalismo,Historia,Historia,Historia,Psicología,Religión,Religión,Religión,Violencia,Violencia |
| STD | 0 | 0 | |a Integralismo <motivo>,Integralismo,Fondamentalismo,Fondamentalismo,Fondamentalismo (motivo),Fondamentalismo,Psicologia,Religione,Religione,Religione,Storia,Storia,Violenza,Violenza |
| STE | 0 | 0 | |a 历史,史,基要主义,基要主义,基本教义派,原教旨主义,基本教义派,原教旨主义,宗教,宗教,心理学,暴力行为,暴力行为,暴行,暴行 |
| STF | 0 | 0 | |a 基要主義,基要主義,基本教義派,原教旨主義,基本教義派,原教旨主義,宗教,宗教,心理學,暴力行為,暴力行為,暴行,暴行,歷史,史 |
| STG | 0 | 0 | |a Fundamentalismo,Fundamentalismo,História,História,Psicologia,Religião,Religião,Violência,Violência |
| STH | 0 | 0 | |a История (мотив),История,Насилие (мотив),Насилие,Психология,Религия (мотив),Религия,Фундаментализм (мотив),Фундаментализм |
| STI | 0 | 0 | |a Βίαιη συμπεριφορά <μοτίβο>,Βίαιη συμπεριφορά,Βιαιότητα,Βιαιότητα (μοτίβο),Θρησκεία (μοτίβο),Θρησκεία,Ιστορία (μοτίβο),Ιστορία,Φονταμενταλισμός <μοτίβο>,Φονταμενταλισμός,Θεμελιωτισμός,Θεμελιωτισμός (μοτίβο),Ψυχολογία |
| SUB | |a REL | ||
| SYG | 0 | 0 | |a Religiöser Fundamentalismus,Religion , Psychology,Psyche,Psychologische Theorie,Psychologischer Aspekt,Theoretische Psychologie,Mensch , Religion,Mystik,Mythologie , Gewaltanwendung , History,Geschichtliche Epoche,Historical development,Historische Entwicklung,Landesgeschichte,Regionalgeschichte,Ortsgeschichte,Zeitgeschichte |



